Referativnyj žurnal obščestvennyje nauki v SSSR

Gespeichert in:
Bibliographische Detailangaben
Format: Schriftenreihe
Sprache:Russisch
Veröffentlicht: Moskva Vsesojuznyj institut naučnych i techničeskich informacii 1984
Tags: Tag hinzufügen
Keine Tags, Fügen Sie das erste Tag hinzu!

MARC

LEADER 00000nas2a2200000 4500
001 s107134
005 20250730114158.9
041 0 |a rus 
044 |a RU 
245 1 0 |a Referativnyj žurnal  |b obščestvennyje nauki v SSSR 
264 1 |a Moskva  |b Vsesojuznyj institut naučnych i techničeskich informacii  |c 1984 
300 |a 1 zv.